Представление документа в формате RUSMARC

ПолеНазваниеЗначение
  Тип записи a
  Библиографический уровень m
001 Контрольный номер RU/CBS_UL/BASE/3f778f3cb47f4ba2b9fc9207ed6b9f74
005 Дата корректировки 20260421094021.1
010 Индекс ISBN __
a ISBN 978-5-17-079226-9
b Уточнения в пер.
d Цена 20 р. 00 к.
9 Тираж 3 000 экз.
100 Данные общей обработки __
a Данные общей обработки 20241203d 0rusy0189## ca
101 Язык документа 0_
a Язык текста rus
102 Страна публикации __
a Страна публикации RU
200 Заглавие и сведения об ответственности 1_
a Заглавие Когда я без тебя...
f Первые сведения об ответственности Э. Сафарли
210 Выходные данные 1_
a Место издания Москва
c Издательство АСТ
c Издательство Жанровая литература
d Дата издания 2015
215 Физическое описание __
a Объем 666, [2] с.
d Формат 20,5 см.
300 Общие примечания __
a Общие примечания Содерж.: Я вернусь ; Мне тебя обещали ; Нет воспоминаний без тебя
300 Общие примечания __
a Общие примечания 16+
606 Тематические рубрики 0_
a Основная рубрика Азербайджанская литература, 21 в. - Проза
610 Ключевые слова 0_
a Ключевые слова литература азербайджанская; любовь; истории о любви; испытания любовные; проза жизни; сборники рассказов
686 Индексы других классификаций __
2 Код системы rubbk
a Классификационный индекс 84(5Азе)
700 Автор _1
a Фамилия Сафарли
b Имя (инициалы) Э.
g Полное личное имя Эльчин
801 Источник записи _0
a Страна RU
b Организация МБУК ЦБС г. Ульяновска
c Дата составления 20241203
g Правила каталогизации RCR
801 Источник записи _1
a Страна RU
b Организация МБУК ЦБС г. Ульяновска
c Дата составления 20241203
g Правила каталогизации RCR
852 Данные о местонахождении __
i Авторский знак С 21
j Шифр хранения И(Аз)
900 Электронные ресурсы __
a Имя электронного ресурса когда я без
901 Тип документа __
t Тип документа m
909 Создатель записи __
b Дата создания записи 20241203